000 00719nam a2200217Ia 4500
003 GCL
008 140319s9999 xx 000 0 ara d
040 _aGCL /
_cGCL
082 0 4 _a327.11
_bع ن
100 1 _aعبدالناصر حريز
245 1 0 _aالنظام السياسى الارهابى الاسرائيلى: دراسة مقارنة /
_cعبدالناصر حريز
300 _a265 ص
490 _aالهيئة العامة للاستعلامات
_v0
650 0 4 _aالارهاب
650 0 4 _aالسياسة الدولية
650 0 4 _aالجرائم السياسية
650 0 4 _aالصهيونية
650 0 4 _aالنظم السياسية
650 0 4 _aالاستعمار
942 _2ddc
_cBK
999 _c48391
_d48391